Welcome to CU Library Online Public Access Catalogue (OPAC)

CRIMINAL INVESTIGATION; (Record no. 2472)

MARC details
000 -LEADER
fixed length control field 00496nam a22001697a 4500
005 - DATE AND TIME OF LATEST TRANSACTION
control field 20250108135421.0
008 - FIXED-LENGTH DATA ELEMENTS--GENERAL INFORMATION
fixed length control field 250108b |||||||| |||| 00| 0 eng d
020 ## - INTERNATIONAL STANDARD BOOK NUMBER
International Standard Book Number 1593459602
050 ## - LIBRARY OF CONGRESS CALL NUMBER
Classification number HV8073
Item number .0833 OST
100 ## - MAIN ENTRY--PERSONAL NAME
Personal name OSTERBURG, JAMES W.
245 ## - TITLE STATEMENT
Title CRIMINAL INVESTIGATION;
Remainder of title A METHOD FOR RECOINSTRUCTING THE PAST
260 ## - PUBLICATION, DISTRIBUTION, ETC.
Place of publication, distribution, etc. LEXIS
Name of publisher, distributor, etc. MATHEW BENDER AND COMPANY INC.
Date of publication, distribution, etc. 2004
300 ## - PHYSICAL DESCRIPTION
Extent xiv,817p.;
Other physical details ill.;
500 ## - GENERAL NOTE
General note includes index
700 ## - ADDED ENTRY--PERSONAL NAME
Personal name WARD, RICHARD H.
942 ## - ADDED ENTRY ELEMENTS (KOHA)
Source of classification or shelving scheme Library of Congress Classification
Koha item type Books
Suppress in OPAC No
999 ## -
-- 2472
-- 2472
Holdings
Withdrawn status Lost status Source of classification or shelving scheme Damaged status Not for loan Collection Home library Current library Shelving location Date acquired Total checkouts Full call number Barcode Date last seen Copy number Price effective from Koha item type
    Library of Congress Classification     Non-fiction Undergraduate Library (Christ Temple) Undergraduate Library (Christ Temple) General stacks 01/08/2025   HV8073.0833 OST ulct00000755 01/08/2025 1 01/08/2025 Books
© 2023-2024 Copyright: Central University Libraries. All Rights Reserved | Created by: Mahone Tech Office